Floquet theory for partial differential equations
Αποθηκεύτηκε σε:
| Κύριος συγγραφέας: | |
|---|---|
| Μορφή: | Βιβλίο |
| Γλώσσα: | English |
| Δημοσίευση: |
Basel :
Birkhauser Verlag,
c1993
|
| Σειρά: | Operator theory, advances and applications ;
; 60 |
| Θέματα: | |
| Ετικέτες: |
Προσθήκη ετικέτας
Δεν υπάρχουν, Καταχωρήστε ετικέτα πρώτοι!
|
MARC
| LEADER | 00000cam a2200000 i 4500 | ||
|---|---|---|---|
| 001 | 1/71595 | ||
| 008 | 990305s1993 eng d | ||
| 020 | |a 3764329017 | ||
| 035 | |l 10048363 | ||
| 040 | |a GR-MY-UA |b eng |e aacr | ||
| 041 | 0 | |a eng | |
| 082 | 0 | |a 515.353 | |
| 100 | 1 | |a Kuchment, Peter |d 1949- | |
| 245 | 1 | 0 | |a Floquet theory for partial differential equations / |c Peter Kuchment |
| 260 | |a Basel : |b Birkhauser Verlag, |c c1993 | ||
| 300 | |a xiv, 350 p.; |c 24 cm. | ||
| 490 | 1 | |a Operator theory, advances and applications |v ; 60 | |
| 500 | |a Includes bibliographical references and index | ||
| 650 | 0 | 0 | |a Differential equations, Partial. |
| 650 | 0 | 0 | |a Floquet theory. |
| 830 | 0 | |a Operator theory, advances and applications ; |v ; 60 | |
| 852 | |a INST |b SAMOS |e 19990305 |h 515.353 KUC |p 005300013476 |q 005300013476 |t BK |y 0 | ||
| 901 | |a BIBL-1999-1 | ||
| 909 | |a Σ |b 060660 | ||
| 922 | |a 3ΕΛΗ |b 199901 |c ΕΠΕΑΕΚ/ΜΑΘ |d LEADER | ||